| 000 | 00643nam a2200205Ia 4500 | ||
|---|---|---|---|
| 001 | 13204 | ||
| 003 | GE_BSU | ||
| 008 | 181216s||||||||xx |||||||||||||| ||und|| | ||
| 040 | _cGE_BSU | ||
| 080 | _a661.25(075.8)+631.8(075.8) | ||
| 100 | _aСоколовский,А.А. | ||
| 245 | _aТехнология минеральных удобрении и кислот | ||
| 245 | _cПод.ред.А.А.Соколовский | ||
| 260 | _aМосква | ||
| 260 | _bХимия | ||
| 260 | _c1971 | ||
| 300 | _a456стр.илл.20см. | ||
| 653 | _aТехнология минеральных удобрении и кислот | ||
| 942 | _cBK | ||
| 999 |
_c46368 _d46368 |
||